Diagnóstico de la situación actual del manejo de los desechos sólidos en la ciudad de Matagalpa.

Presenta el diagnóstico de la situación actual del manejo de los desechos sólidos en la ciudad de Matagalpa en el cual se presenta la problemática actual del manejo de los desechos sólidos y su afectación en la población, así como la estimación de la composición, densidad y el cálculo de...

Full description

Bibliographic Details
Main Authors: López Bello, Lizeth María, Márquez Larios, Manuel Augusto, Moncada Castillo, Julio César
Other Authors: Tutor: Moreno Ayestas, Sandra
Format: Tesis Section = Libro
Language:Undetermined
Spanish
Published: Managua UNI 2003
Subjects:
LEADER 01307nam a2200289Ia 4500
008 240830s9999 xx 000 0 und d
040 |a BIBLIOTECA-RUPAP Mon 628.44 L864 
041 |a spa 
082 |a Mon 628.44 L864 
100 1 |a López Bello, Lizeth María 
100 1 |b  Márquez Larios, Manuel Augusto 
100 1 |c  Moncada Castillo, Julio César 
245 1 0 |a Diagnóstico de la situación actual del manejo de los desechos sólidos en la ciudad de Matagalpa. 
260 |a Managua  |b UNI  |c 2003 
300 |a 111 p. :il. 
500 |a Contiene: anexos. 
502 |a Tesis (Ingeniero Civil)- UNI, 2003. 
520 3 |a Presenta el diagnóstico de la situación actual del manejo de los desechos sólidos en la ciudad de Matagalpa en el cual se presenta la problemática actual del manejo de los desechos sólidos y su afectación en la población, así como la estimación de la composición, densidad y el cálculo de la producción per cápita de los desechos. 
650 7 |a DESECHOS SOLIDOS - BASURA 
650 7 |b DESECHOS SOLIDOS - MUNICIPIO 
650 7 |c APROVECHAMIENTO DE LOS DESECHOS ORGANICOS 
650 7 |d RELLENO SANITARIO 
650 7 |e MANEJO DE LOS DESECHOS SOLIDOS 
700 1 |a Tutor:  |b Moreno Ayestas, Sandra 
942 |c BK  |2 ddc 
991 |a TESIS 
999 |c 16414